Top 30 Future Songs - Statistics

General Stats
  • This quiz has been taken 2 times
  • The average score is 14 of 30
Answer Stats
# Song Rating % Correct
1. Codeine Crazy 97
100%
6. Fuck Up Some Commas 93
100%
11. Low Life 90
100%
2. March Madness 96
100%
8. Mask Off 92
100%
13. Monster 90
100%
4. Solo 93
100%
14. Stick Talk 89
100%
7. The Percocet & Stripper Joint 93
100%
28. 56 Nights 86
50%
26. Comin Out Strong 86
50%
10. I Serve the Base 90
50%
3. Like That 93
50%
25. Move That Dope 86
50%
16. My Savages 89
50%
23. Radical 87
50%
20. Thought It Was a Drought 88
50%
5. Throw Away 93
50%
24. Trap N*ggas 87
50%
18. After That 89
0%
22. Crushed Up 87
0%
12. F&N 90
0%
27. Fly Shit Only 86
0%
9. King's Dead 90
0%
15. Married to the Game 89
0%
30. Purple Reign 86
0%
29. Same Damn Time 86
0%
19. Sorry 88
0%
21. Superhero (Heroes & Villains) 88
0%
17. Too Many Nights 89
0%
No matching quizzes found
Score Distribution
Percent of People with Each Score
Percentile by Number Answered
Your Score History
You have not taken this quiz